[Event "5th Orense it"]
[Site "Orense ESP"]
[Date "1976.01.31"]
[Round "11"]
[White "Rodriguez Vargas, Orestes"]
[Black "Bellon Lopez, Juan Manuel"]
[Result "1-0"]
[WhiteElo "2435"]
[BlackElo "2475"]
[EventDate "1976.01.19"]
[Annotator "Rodriguez,Orestes"]
[PlyCount "83"]

1.e4 c5 2.Nf3 e6 3.Nc3 a6 4.g3 d6 5.d4 cxd4 6.Nxd4 b5 7.Bg2 Bb7 8.O-O b4 
$6 {[Un intento de eliminar de raez la posibilidad del sacrificio en d4, 
que en esta variante es tematico, luego de Te1. ]} 9.Na4 Nf6 10.Re1 Qc7 
11.c3 ( {Posiblemente es mas exacto} 11.Bg5 Be7 12.c3 bxc3 13.Rc1 {con 
ventaja de las blancas.} ) 11...bxc3 12.Nxc3 Nbd7 13.Bg5 ( {Es interesante
} 13.Nd5 $5 ) 13...Be7 14.Rc1 Qb8 15.Nd5 $6 ( {Un sacrificio basado mas en
la costumbre que en el analisis. Despues de} 15.Bxf6 {, seguido de 16.Da4,
la ventaja se habria acentuado notablemente.} ) 15...Nxd5 $1 ( {Lo mejor. 
En cambio la captura} 15...exd5 {habria dado grandes chances practicos a 
las blancas.} ) 16.exd5 Bxg5 {[Para responder a 17. Dh5 y 17.Cxe6, con 
17...Axc1! ; y contra 17.Dg4 Af6 ; Tampoco es suficiente 17.Txe6+ fxe6 
18.Dh5+ g6 19.Dxg5 0-0! ; Por otro lado, 17.Cc6 Axc6 18.dxc6 0-0=, s ¿½lo 
da igualdad. Y aqu ¿½ se presenta un fen ¿½meno muy com ¿½n en la pr 
¿½ctica de torneos: el jugador que ha perdido de pronto su ventaja, se 
empe@a, a en jugar como si esta a ¿½n existiera. No es extra@ra. o, 
entonces, que ahora el blanco realice un m ¿½s que sospechoso sacrificio 
de calidad. ]} 17.dxe6 O-O 18.exd7 Bxg2 19.Kxg2 Qb7+ ( {Despu ¿½s de} 
19...Bxc1 20.Qxc1 {, el blanco est ¿½ lista para responder a} 20...Qb7+ {
con} ( {Pero con la sencilla} 20...Qd8 $1 {, las negras ganar ¿½an.} ) 21.
Qc6 Ra7 22.Re7 {, ganando.} ) 20.Rc6 Bf6 21.Qb3 Qxd7 22.Qd5 $1 Rfd8 $2 ( {
Y ahora es el negro quien no se rresigna a equilibrar la posici ¿½n con} 
22...Bxd4 23.Rxd6 Qa4 24.Qxd4 Qxa2 25.Re7 {, en la cual s ¿½lo le bastar 
¿½a evitar la celada} 25...h6 $4 26.Rg6 $1 {, para llegar a un pac ¿½fico 
resultado.} ) 23.Rec1 Bxd4 24.Qxd4 d5 25.Rc7 Qf5 26.Re1 Re8 27.Rxe8+ Rxe8 
28.Rc5 Rd8 ( {Si} 28...Re2 29.g4 Qe6 30.Rxd5 {, con clara ventaja.} ) 29.
b4 Qd7 30.Ra5 Qb7 31.a4 h6 32.h4 Rd6 33.b5 axb5 34.Rxb5 Qe7 {[Comienza el 
mutuo apuro de tiempo. ]} 35.Rb3 f5 36.Re3 Qf7 37.a5 Kh7 38.Re5 h5 39.Qd3 
g6 40.Qd4 Qb7 41.Re2 ( {Aun no gana} 41.Re8 Qg7 42.Qxg7+ Kxg7 43.Re1 d4 
44.Ra1 d3 45.a6 d2 46.a7 Rd8 47.Kf3 Re8 {, etc. Pero la debilidad del rey 
negro y el fuerte peon de la columna "a" decide.} ) 41...Qd7 42.Rb2 1-0